[Event "Bad Woerishofen Seniors op 28th"]
[Site "Bad Woerishofen"]
[Date "2012.03.03"]
[Round "2.7"]
[White "Wittmann, Georg"]
[Black "Lainburg, Victor"]
[Result "0-1"]
[WhiteElo "1793"]
[BlackElo "2041"]
[PlyCount "90"]
[EventDate "2012.03.02"]
[EventType "swiss"]
[EventRounds "9"]
[EventCountry "GER"]
[SourceTitle "EXT 2022"]
[Source "ChessBase"]
[SourceDate "2021.10.06"]
[SourceVersion "1"]
[SourceVersionDate "2021.10.06"]
[SourceQuality "1"]

1. c4 Nf6 2. Nc3 c5 3. Nf3 b6 4. g3 Bb7 5. Bg2 e6 6. e3 Be7 7. 0-0 Qc8 8. d3 0-0 9. Qe2 d6 10. Rb1 Nc6 11. a3 d5 12. cxd5 exd5 13. d4 Ba6 14. Nb5 Re8 15. a4 cxd4 16. Nfxd4 Nxd4 17. exd4 Qd7 18. Bd2 Bb4 19. Qd3 Bxd2 20. Qxd2 Bxb5 21. axb5 Qxb5 22. Rfe1 Rxe1+ 23. Rxe1 Re8 24. Re5 h6 25. Qe1 Rd8 26. Re7 a5 27. Qe5 Qxb2 28. Qc7 Rf8 29. Bh3 a4 30. Rxf7 Qb1+ 31. Kg2 Rxf7 32. Qc8+ Rf8 33. Be6+ Kh8 34. Qxf8+ Kh7 35. Qc8 Kg6 36. Qc6 Qe4+ 37. Kg1 Qe1+ 38. Kg2 Qe4+ 39. Kg1 Qxd4 40. Bd7 a3 41. Be8+ Kh7 42. Qc2+ Qe4 43. Ba4 Qxc2 44. Bxc2+ Ne4 45. Bb3 Nc3 0-1

[Event "Bad Woerishofen Seniors op 28th"]
[Site "Bad Woerishofen"]
[Date "2012.03.02"]
[Round "1.9"]
[White "Lainburg, Victor"]
[Black "Blutharsch, Walter"]
[Result "1-0"]
[WhiteElo "2041"]
[BlackElo "1720"]
[PlyCount "59"]
[EventDate "2012.03.02"]
[EventType "swiss"]
[EventRounds "9"]
[EventCountry "GER"]
[SourceTitle "EXT 2022"]
[Source "ChessBase"]
[SourceDate "2021.10.06"]
[SourceVersion "1"]
[SourceVersionDate "2021.10.06"]
[SourceQuality "1"]

1. d4 d5 2. Bg5 Bf5 3. e3 Nd7 4. c4 c6 5. Nc3 Ngf6 6. cxd5 cxd5 7. Qb3 Nb6 8. Bxf6 exf6 9. Bb5+ Bd7 10. Nge2 Bc6 11. Nf4 Bd6 12. Nfxd5 0-0 13. Nxb6 Bxg2 14. Rg1 axb6 15. Rxg2 f5 16. 0-0-0 Qc7 17. f4 Kh8 18. Kb1 Qe7 19. Rg3 Qd8 20. Bc4 Be7 21. Nd5 Bh4 22. Rf3 Ra5 23. Nxb6 Qe7 24. Bd3 Rd8 25. Nc4 Ra7 26. Ne5 b5 27. Nc6 Qb7 28. d5 Ra6 29. Nxd8 Bxd8 30. Qxb5 1-0

[Event "GER-chT Seniors 20th"]
[Site "Gladenbach"]
[Date "2011.09.16"]
[Round "6.4"]
[White "Lainburg, Victor"]
[Black "Badestein, Hartmut"]
[Result "1-0"]
[WhiteElo "2014"]
[BlackElo "1958"]
[PlyCount "99"]
[EventDate "2011.09.11"]
[EventType "team-swiss"]
[EventRounds "7"]
[EventCountry "GER"]
[SourceTitle "CBM 144 Extra"]
[Source "ChessBase"]
[SourceDate "2011.10.28"]
[SourceVersion "1"]
[SourceVersionDate "2011.10.28"]
[SourceQuality "1"]
[WhiteTeam "Wuerttemberg II"]
[BlackTeam "Berlin II"]
[WhiteTeamCountry "GER"]
[BlackTeamCountry "GER"]

1. d4 Nf6 2. Bg5 c5 3. dxc5 Na6 4. Nf3 Nxc5 5. Nbd2 d5 6. e3 e6 7. b4 Ncd7 8. a3 a5 9. c3 h6 10. Bh4 Be7 11. Be2 0-0 12. 0-0 Nb6 13. Qb3 a4 14. Qb2 Qc7 15. Bg3 Bd6 16. Bxd6 Qxd6 17. c4 dxc4 18. Nxc4 Nxc4 19. Bxc4 Bd7 20. Rfd1 Qb6 21. Qd4 Qxd4 22. Rxd4 Rfc8 23. Ne5 Be8 24. Rad1 b5 25. Bf1 Rc3 26. R4d3 Rac8 27. g3 Nd5 28. e4 Rxd3 29. Rxd3 Nc3 30. f3 Nb1 31. Kf2 f6 32. Ng4 Rc3 33. Rxc3 Nxc3 34. Ne3 Nb1 35. Nc2 Kf7 36. Ke1 f5 37. exf5 exf5 38. Kd1 f4 39. g4 Kf6 40. Kc1 Nc3 41. Nd4 Ke7 42. Kc2 Nd5 43. Bxb5 Bxb5 44. Nxb5 Nb6 45. Kd3 Ke6 46. Nc3 h5 47. Kd4 Kd6 48. g5 Kc6 49. b5+ Kd6 50. Ne4+ 1-0

[Event "GER-ch Seniors 23rd"]
[Site "Halle"]
[Date "2011.08.13"]
[Round "9"]
[White "Rosen, Willy"]
[Black "Lainburg, Victor"]
[Result "1-0"]
[WhiteElo "2314"]
[BlackElo "2170"]
[PlyCount "125"]
[EventDate "2011.08.05"]
[EventType "swiss"]
[EventRounds "9"]
[EventCountry "GER"]
[SourceTitle "CBM 144 Extra"]
[Source "ChessBase"]
[SourceDate "2011.10.28"]
[SourceVersion "1"]
[SourceVersionDate "2011.10.28"]
[SourceQuality "1"]

1. e4 Nf6 2. e5 Nd5 3. d4 d6 4. c4 Nb6 5. exd6 exd6 6. Nc3 Be7 7. Bd3 0-0 8. Nge2 Nc6 9. 0-0 Re8 10. b3 Bf6 11. Be3 Bg4 12. Qd2 a5 13. f3 Bh5 14. Ne4 Be7 15. Nf4 Bg6 16. Nxg6 hxg6 17. d5 Ne5 18. Bc2 Ned7 19. Bd4 Nc5 20. Qc3 Bf8 21. Rae1 Nbd7 22. f4 Nxe4 23. Bxe4 Nc5 24. Bc2 f5 25. Qg3 Kf7 26. Bxc5 dxc5 27. Re6 Rxe6 28. dxe6+ Kf6 29. Qg5+ Kxe6 30. Qxg6+ Qf6 31. Bxf5+ Kd6 32. Rd1+ Kc6 33. Qxf6+ gxf6 34. h4 Bd6 35. g3 a4 36. h5 axb3 37. axb3 Rh8 38. Bg6 b5 39. Kg2 bxc4 40. bxc4 Kd7 41. Re1 Rh6 42. Be8+ Kd8 43. Bc6 Be7 44. Rd1+ Bd6 45. Rd5 Ke7 46. Kf3 Rh8 47. Rf5 Kf7 48. g4 Kg7 49. Bd5 Rf8 50. Be4 Be7 51. Rd5 Rd8 52. Rxd8 Bxd8 53. Bg6 Kh6 54. Ke4 Be7 55. Kf5 c6 56. Ke6 Bd8 57. Be8 Bc7 58. g5+ fxg5 59. f5 g4 60. f6 g3 61. Bxc6 g2 62. Bxg2 Bd8 63. Be4 1-0

[Event "GER-ch Seniors 23rd"]
[Site "Halle"]
[Date "2011.08.07"]
[Round "3"]
[White "Raabe, Joachim"]
[Black "Lainburg, Victor"]
[Result "0-1"]
[WhiteElo "1972"]
[BlackElo "2170"]
[PlyCount "120"]
[EventDate "2011.08.05"]
[EventType "swiss"]
[EventRounds "9"]
[EventCountry "GER"]
[SourceTitle "CBM 144 Extra"]
[Source "ChessBase"]
[SourceDate "2011.10.28"]
[SourceVersion "1"]
[SourceVersionDate "2011.10.28"]
[SourceQuality "1"]

1. e4 Nf6 2. Qe2 d6 3. f4 g6 4. g3 Bg7 5. Bg2 0-0 6. Nf3 Nc6 7. c3 e5 8. d3 Re8 9. 0-0 exf4 10. Bxf4 d5 11. e5 Nh5 12. Qf2 Nxf4 13. gxf4 Ne7 14. Na3 c6 15. d4 Qb6 16. c4 Qa6 17. cxd5 cxd5 18. Ng5 h6 19. Nf3 Be6 20. Rac1 Rac8 21. Rfd1 Rc6 22. Bf1 Qb6 23. Rxc6 Nxc6 24. Rc1 Bf8 25. Nb5 a6 26. Nd6 Bxd6 27. exd6 Rd8 28. Bd3 Rxd6 29. f5 Bxf5 30. Bxf5 gxf5 31. Nh4 Qxd4 32. Qxd4 Nxd4 33. Rd1 Nc6 34. Nxf5 Rg6+ 35. Ng3 d4 36. Kf2 Re6 37. Rd3 Kf8 38. Ne2 Rf6+ 39. Kg3 Rd6 40. a3 Re6 41. Kf2 Rf6+ 42. Kg3 a5 43. Rb3 Re6 44. Kf2 Re7 45. Rd3 Rd7 46. Kg3 Rd5 47. Kf4 Rh5 48. Kg3 Rb5 49. b3 Rc5 50. Kf4 b5 51. h4 Rh5 52. Kg3 Rd5 53. Kf4 Ke7 54. b4 axb4 55. axb4 Kd6 56. Ke4 Rh5 57. Rh3 Re5+ 58. Kd3 Nxb4+ 59. Kd2 Kd5 60. Rf3 f5 0-1

[Event "Bad Woerishofen Nestors op 27th"]
[Site "Bad Woerishofen"]
[Date "2011.03.29"]
[Round "7"]
[White "Lainburg, Victor"]
[Black "Meinhardt, Guenther"]
[Result "1-0"]
[WhiteElo "2190"]
[BlackElo "1880"]
[PlyCount "61"]
[EventDate "2011.03.24"]
[EventType "swiss"]
[EventRounds "9"]
[EventCountry "GER"]
[SourceTitle "EXT 2012"]
[Source "ChessBase"]
[SourceDate "2011.11.24"]
[SourceVersion "1"]
[SourceVersionDate "2011.11.24"]
[SourceQuality "1"]

1. Nf3 Nf6 2. g3 e6 3. Bg2 d5 4. 0-0 c5 5. b3 Nc6 6. Bb2 Be7 7. d3 0-0 8. Nbd2 a6 9. e4 dxe4 10. dxe4 Qc7 11. a3 e5 12. Nc4 Bg4 13. h3 Rad8 14. Qe2 Bxf3 15. Bxf3 Nd4 16. Bxd4 cxd4 17. a4 Nd7 18. a5 Bb4 19. Rfd1 Bc3 20. Ra2 Nc5 21. Nb6 d3 22. cxd3 Bd4 23. b4 Ne6 24. Nd5 Qb8 25. Bg4 Rfe8 26. Rc2 Ba7 27. Bxe6 fxe6 28. Ne3 Rf8 29. Rdc1 Bd4 30. Rc7 Qa7 31. Qg4 1-0

[Event "Bad Woerishofen Nestors op 27th"]
[Site "Bad Woerishofen"]
[Date "2011.03.25"]
[Round "3"]
[White "Lainburg, Victor"]
[Black "Groenegress, Wilfried"]
[Result "1-0"]
[WhiteElo "2190"]
[BlackElo "2150"]
[PlyCount "63"]
[EventDate "2011.03.24"]
[EventType "swiss"]
[EventRounds "9"]
[EventCountry "GER"]
[SourceTitle "EXT 2012"]
[Source "ChessBase"]
[SourceDate "2011.11.24"]
[SourceVersion "1"]
[SourceVersionDate "2011.11.24"]
[SourceQuality "1"]

1. b3 d5 2. Bb2 c5 3. e3 Nc6 4. Nf3 Nf6 5. Bb5 Bd7 6. 0-0 e6 7. Bxc6 Bxc6 8. Ne5 Be7 9. Nxc6 bxc6 10. d3 0-0 11. Qe2 Nd7 12. e4 e5 13. Nd2 Bd6 14. Qf3 Qf6 15. Qxf6 Nxf6 16. Rae1 Nd7 17. a4 f6 18. Ba3 Bc7 19. c3 Rfd8 20. Rb1 a5 21. Rfc1 Bb6 22. Rc2 Nf8 23. d4 cxd4 24. cxd4 Bxd4 25. Rxc6 dxe4 26. Nxe4 Rdc8 27. Rbc1 Rxc6 28. Rxc6 Nd7 29. g3 Nb6 30. Nd6 Rb8 31. Nb5 Kf7 32. Rd6 1-0

[Event "GER-chT Seniors 19th"]
[Site "Eckernfoerde"]
[Date "2010.09.16"]
[Round "4.4"]
[White "Nuenchert, Eveline"]
[Black "Lainburg, Victor"]
[Result "1/2-1/2"]
[WhiteElo "1998"]
[BlackElo "2042"]
[PlyCount "33"]
[EventDate "2010.09.13"]
[EventType "team-swiss"]
[EventRounds "7"]
[EventCountry "GER"]
[SourceTitle "EXT 2011"]
[Source "ChessBase"]
[SourceDate "2010.11.26"]
[SourceVersion "1"]
[SourceVersionDate "2010.11.26"]
[SourceQuality "1"]
[WhiteTeam "Brandenburg"]
[BlackTeam "Wuerttemberg II"]
[WhiteTeamCountry "GER"]
[BlackTeamCountry "GER"]

1. e4 Nf6 2. e5 Nd5 3. d4 d6 4. Nf3 dxe5 5. dxe5 g6 6. Bc4 c6 7. 0-0 Bg7 8. Nfd2 0-0 9. Nf3 Nd7 10. c3 Nxe5 11. Nxe5 Be6 12. Qe2 Qd6 13. Re1 Rad8 14. Bb3 c5 15. c4 Nb4 16. a3 Nc6 17. Nxc6 1/2-1/2

[Event "GER-chT Seniors 19th"]
[Site "Eckernfoerde"]
[Date "2010.09.15"]
[Round "3.4"]
[White "Schmidt, Lothar"]
[Black "Lainburg, Victor"]
[Result "0-1"]
[WhiteElo "1943"]
[BlackElo "2042"]
[PlyCount "124"]
[EventDate "2010.09.13"]
[EventType "team-swiss"]
[EventRounds "7"]
[EventCountry "GER"]
[SourceTitle "EXT 2011"]
[Source "ChessBase"]
[SourceDate "2010.11.26"]
[SourceVersion "1"]
[SourceVersionDate "2010.11.26"]
[SourceQuality "1"]
[WhiteTeam "Thueringen"]
[BlackTeam "Wuerttemberg II"]
[WhiteTeamCountry "GER"]
[BlackTeamCountry "GER"]

1. d4 Nf6 2. Nf3 g6 3. Bf4 Bg7 4. Nbd2 d5 5. e3 0-0 6. h3 c5 7. c3 cxd4 8. exd4 Nc6 9. Be2 h6 10. Ne5 Nxe5 11. Bxe5 Bf5 12. g4 Be6 13. Bd3 Nh7 14. Qe2 Bxe5 15. Qxe5 Qb8 16. Qe3 Kg7 17. f4 Qd6 18. 0-0-0 Bd7 19. f5 e6 20. fxg6 fxg6 21. Nf3 Qf4 22. Qxf4 Rxf4 23. Ne5 Be8 24. Rdf1 Rxf1+ 25. Rxf1 Nf8 26. h4 Nd7 27. Nf3 Bf7 28. Bb5 Nf6 29. Ne5 Rf8 30. Bd3 Be8 31. Kd2 g5 32. h5 Nd7 33. Rxf8 Kxf8 34. Nf3 Kg7 35. c4 dxc4 36. Bxc4 Kf6 37. Ke3 e5 38. Ke4 exd4 39. Nxd4 Ne5 40. Be2 Bd7 41. Kd5 Bxg4 42. Bxg4 Nxg4 43. Ke4 Ne5 44. Nf5 Nf7 45. Ne3 Ke6 46. Ng4 Nd6+ 47. Kf3 Nf5 48. Ke4 Ng3+ 49. Kd4 Nxh5 50. Nxh6 Nf6 51. Ke3 b6 52. b3 a6 53. a3 a5 54. Kd4 g4 55. Ke3 Ke5 56. Nf7+ Kd5 57. Ng5 g3 58. Nf3 Ne4 59. Kd3 g2 60. Ng1 b5 61. Nf3 Nf2+ 62. Ke3 Nh3 0-1

[Event "GER-chT Seniors 19th"]
[Site "Eckernfoerde"]
[Date "2010.09.14"]
[Round "2.4"]
[White "Lainburg, Victor"]
[Black "Adibekian, Roubik"]
[Result "0-1"]
[WhiteElo "2042"]
[BlackElo "2058"]
[PlyCount "100"]
[EventDate "2010.09.13"]
[EventType "team-swiss"]
[EventRounds "7"]
[EventCountry "GER"]
[SourceTitle "EXT 2011"]
[Source "ChessBase"]
[SourceDate "2010.11.26"]
[SourceVersion "1"]
[SourceVersionDate "2010.11.26"]
[SourceQuality "1"]
[WhiteTeam "Wuerttemberg II"]
[BlackTeam "Niedersachsen"]
[WhiteTeamCountry "GER"]
[BlackTeamCountry "GER"]

1. b3 e5 2. Bb2 Nc6 3. e3 a6 4. Nf3 d6 5. d4 exd4 6. Nxd4 Nxd4 7. Bxd4 Nf6 8. c4 Be6 9. Nc3 Be7 10. Be2 0-0 11. Nd5 Bxd5 12. cxd5 Ne8 13. Rc1 Bf6 14. Qd2 Bxd4 15. Qxd4 Nf6 16. Bf3 Re8 17. 0-0 Re5 18. Rfd1 Qd7 19. Qd3 Rc8 20. Rc4 h6 21. h3 Qb5 22. Bg4 Nxg4 23. hxg4 Qd7 24. f3 Qb5 25. e4 c5 26. dxc6 Rxc6 27. Rdc1 Rxc4 28. Qxc4 Qb6+ 29. Kh2 Rc5 30. Qf1 Qc7 31. Rxc5 dxc5+ 32. f4 b5 33. g3 c4 34. bxc4 Qxc4 35. Qb1 a5 36. Kg2 a4 37. Kf3 Qc3+ 38. Ke2 Qc4+ 39. Kd2 b4 40. Qc2 Qd4+ 41. Kc1 Qe3+ 42. Kd1 Qd4+ 43. Ke2 Qd7 44. Kf3 f6 45. f5 g5 46. Ke3 Qb5 47. Qd3 Qb8 48. Kd2 Qe5 49. Kd1 Qa1+ 50. Ke2 Qxa2+ 0-1

[Event "GER-ch Seniors 22nd"]
[Site "Berlin"]
[Date "2010.08.19"]
[Round "4"]
[White "Lainburg, Victor"]
[Black "Nietsch, Horst"]
[Result "1/2-1/2"]
[WhiteElo "2031"]
[BlackElo "1837"]
[PlyCount "58"]
[EventDate "2010.08.16"]
[EventType "swiss"]
[EventRounds "9"]
[EventCountry "GER"]
[SourceTitle "CBM 138 Extra"]
[Source "ChessBase"]
[SourceDate "2010.10.29"]
[SourceVersion "1"]
[SourceVersionDate "2010.10.29"]
[SourceQuality "1"]

1. b3 Nf6 2. Bb2 e6 3. e3 b6 4. Nf3 Bb7 5. c4 d6 6. Nc3 Nbd7 7. d4 g6 8. Be2 Bg7 9. 0-0 0-0 10. Qc2 Re8 11. Rfd1 Rc8 12. b4 Qe7 13. a4 c5 14. dxc5 dxc5 15. Nb5 Be4 16. Qb3 Rf8 17. Nxa7 cxb4 18. Nb5 Rfd8 19. Rd2 Bf8 20. Rad1 Nc5 21. Qxb4 Rxd2 22. Rxd2 Ra8 23. Bd4 Bxf3 24. gxf3 Ne8 25. f4 Qh4 26. Nc3 Bg7 27. Qa3 Nf6 28. Qa1 Nce4 29. Rc2 Nc5 1/2-1/2

[Event "GER-ch Seniors 21st"]
[Site "Dresden"]
[Date "2009.08.10"]
[Round "9"]
[White "Striebich, Rudolf"]
[Black "Lainburg, Victor"]
[Result "0-1"]
[WhiteElo "2190"]
[BlackElo "2149"]
[PlyCount "35"]
[EventDate "2009.08.03"]
[EventType "swiss"]
[EventRounds "9"]
[EventCountry "GER"]
[SourceTitle "CBM 131 Extra"]
[Source "ChessBase"]
[SourceDate "2009.09.03"]
[SourceVersion "2"]
[SourceVersionDate "2009.09.16"]
[SourceQuality "1"]

1. e4 Nf6 2. e5 Nd5 3. d4 d6 4. c4 Nb6 5. f4 dxe5 6. fxe5 Nc6 7. Be3 Bf5 8. Nc3 e6 9. Be2 Bb4 10. Nf3 Bxc3+ 11. bxc3 0-0 12. 0-0 Na5 13. Bg5 Qd7 14. c5 Nbc4 15. Qe1 b6 16. Nh4 Bc2 17. c6 Qd5 18. Qf2 0-1

[Event "Ulm/Neu Ulm-ch"]
[Site "Ulm/Neu Ulm"]
[Date "2008.11.28"]
[Round "6"]
[White "Lainburg, Victor"]
[Black "Zahn, Achim"]
[Result "1/2-1/2"]
[WhiteElo "1964"]
[BlackElo "1584"]
[PlyCount "88"]
[EventDate "2008.09.19"]
[EventType "swiss"]
[EventRounds "7"]
[EventCountry "GER"]
[SourceTitle "EXT 2011"]
[Source "ChessBase"]
[SourceDate "2010.11.26"]
[SourceVersion "1"]
[SourceVersionDate "2010.11.26"]
[SourceQuality "1"]

1. Nf3 Nf6 2. d4 e6 3. g3 d5 4. Bg2 c6 5. 0-0 Be7 6. Nbd2 0-0 7. b3 c5 8. e3 Nc6 9. Bb2 b6 10. Ne5 Nxe5 11. dxe5 Ne8 12. c4 Bb7 13. Qg4 Qd7 14. Rad1 f5 15. exf6 Bxf6 16. Bxf6 Nxf6 17. Qe2 Qf7 18. Nb1 Rad8 19. Nc3 Rd7 20. Rd2 Rfd8 21. Rfd1 Kf8 22. f4 Kg8 23. g4 Kf8 24. g5 Ng8 25. f5 Ne7 26. fxe6 Qxe6 27. Qf3+ Nf5 28. Nxd5 Bxd5 29. cxd5 Qxe3+ 30. Qxe3 Nxe3 31. Rf2+ Kg8 32. Re1 Nxg2 33. Kxg2 Rxd5 34. h4 Rd2 35. Ree2 Rxe2 36. Rxe2 Kf8 37. Kg3 Rd4 38. h5 g6 39. hxg6 hxg6 40. Re6 Kf7 41. Rf6+ Kg7 42. Rc6 Rd7 43. Kf4 Re7 44. a4 Kf7 1/2-1/2

[Event "GER-ch Seniors-A 20th"]
[Site "Erfurt"]
[Date "2008.08.06"]
[Round "2"]
[White "Bischof, Rainer"]
[Black "Lainburg, Victor"]
[Result "0-1"]
[WhiteElo "1813"]
[BlackElo "1963"]
[PlyCount "102"]
[EventDate "2008.08.05"]
[EventType "swiss"]
[EventRounds "9"]
[EventCountry "GER"]
[SourceTitle "CBM 126 Extra"]
[Source "ChessBase"]
[SourceDate "2008.11.05"]
[SourceVersion "1"]
[SourceVersionDate "2008.11.05"]
[SourceQuality "1"]

1. e4 Nf6 2. d3 e5 3. Nf3 Nc6 4. Be2 d5 5. Nbd2 Bc5 6. 0-0 0-0 7. c3 a5 8. a4 Bg4 9. Nb3 Be7 10. Nfd2 Bxe2 11. Qxe2 Qd7 12. Nf3 Rad8 13. Bg5 b6 14. Rfd1 Qe6 15. Nbd2 Rd7 16. Nf1 Rfd8 17. Qc2 h6 18. Bxf6 Bxf6 19. Ne3 Ne7 20. h3 Bg5 21. Nxg5 hxg5 22. Nxd5 Nxd5 23. exd5 Rxd5 24. d4 Qd7 25. Qd2 exd4 26. c4 Re5 27. b3 c5 28. Re1 Rde8 29. Rxe5 Rxe5 30. Re1 Qe6 31. Rxe5 Qxe5 32. Kf1 f6 33. Qd3 Kf7 34. Qf3 Kg6 35. g4 f5 36. Qc6+ Qf6 37. Qe8+ Kh7 38. gxf5 Qxf5 39. Qh5+ Kg8 40. Qe8+ Qf8 41. Qe6+ Kh7 42. Qxb6 Qf5 43. Qxa5 Qb1+ 44. Kg2 Qe4+ 45. f3 Qe2+ 46. Kg3 d3 47. Qxc5 d2 48. Qf5+ Kh6 49. h4 Qe1+ 50. Kg2 d1Q 51. hxg5+ Kh5 0-1

[Event "GER-ch Seniors-A 20th"]
[Site "Erfurt"]
[Date "2008.08.05"]
[Round "1"]
[White "Lainburg, Victor"]
[Black "Voelpel, Gerhard"]
[Result "0-1"]
[WhiteElo "1963"]
[BlackElo "1866"]
[PlyCount "154"]
[EventDate "2008.08.05"]
[EventType "swiss"]
[EventRounds "9"]
[EventCountry "GER"]
[SourceTitle "CBM 126 Extra"]
[Source "ChessBase"]
[SourceDate "2008.11.05"]
[SourceVersion "1"]
[SourceVersionDate "2008.11.05"]
[SourceQuality "1"]

1. d4 Nf6 2. Bg5 e6 3. e3 Be7 4. Bd3 d5 5. Nf3 Nbd7 6. 0-0 0-0 7. Nbd2 h6 8. Bh4 c5 9. c3 Qc7 10. e4 dxe4 11. Nxe4 cxd4 12. Nxd4 a6 13. Qe2 Re8 14. Bg3 Qb6 15. a4 Nxe4 16. Bxe4 Bd6 17. Bxd6 Qxd6 18. Rfd1 Qe7 19. f4 Nf6 20. Bf3 Rb8 21. Qe5 Bd7 22. a5 Nd5 23. Bxd5 exd5 24. Qxd5 Qe3+ 25. Kh1 Bg4 26. Rf1 Qd2 27. Qb3 Re4 28. h3 Bh5 29. g4 Rbe8 30. Qd1 Qxb2 31. gxh5 Qxc3 32. Nf3 Rxf4 33. Rc1 Qxa5 34. Ng1 Rxf1 35. Qxf1 Qxh5 36. Qf3 Qxf3+ 37. Nxf3 b5 38. Ra1 Re6 39. Nd4 Rb6 40. Nb3 f5 41. Nc5 b4 42. Nxa6 b3 43. Nc5 b2 44. Rb1 Rc6 45. Nd3 Rc3 46. Nxb2 Rxh3+ 47. Kg2 Rb3 48. Kf2 g5 49. Ke2 Kf7 50. Kd2 g4 51. Kc2 Rb6 52. Rf1 Kf6 53. Nd3 h5 54. Kd2 Kg5 55. Ke3 h4 56. Kf2 Rb3 57. Ne5 Rb2+ 58. Kg1 h3 59. Nd3 Re2 60. Nf4 Re4 61. Nxh3+ gxh3 62. Kh2 Re3 63. Rg1+ Kf4 64. Ra1 Rf3 65. Ra8 Ke3 66. Ra3+ Ke2 67. Ra2+ Ke3 68. Ra3+ Kf4 69. Ra8 Re3 70. Ra4+ Kf3 71. Kxh3 Kf2+ 72. Kh2 Re4 73. Ra2+ Kf3 74. Kg1 Re1+ 75. Kh2 Re2+ 76. Rxe2 Kxe2 77. Kg2 Ke3 0-1

[Event "Ulm/Neu Ulm-ch"]
[Site "Ulm/Neu Ulm"]
[Date "2007.11.02"]
[Round "4"]
[White "Lainburg, Victor"]
[Black "Hoersch, Heiner"]
[Result "0-1"]
[WhiteElo "2010"]
[BlackElo "2016"]
[PlyCount "66"]
[EventDate "2007.09.21"]
[EventType "swiss"]
[EventRounds "7"]
[EventCountry "GER"]
[SourceTitle "EXT 2011"]
[Source "ChessBase"]
[SourceDate "2010.11.26"]
[SourceVersion "1"]
[SourceVersionDate "2010.11.26"]
[SourceQuality "1"]

1. d4 Nf6 2. Bg5 g6 3. Bxf6 exf6 4. e4 Bg7 5. Bd3 0-0 6. Nf3 d5 7. 0-0 dxe4 8. Bxe4 f5 9. Bd3 Bxd4 10. Nxd4 Qxd4 11. Nc3 c6 12. Re1 Be6 13. Qf3 Nd7 14. Qg3 Nf6 15. Rad1 Qb4 16. Qg5 Kg7 17. Qc1 Rad8 18. a3 Qh4 19. h3 f4 20. Bf1 Nd5 21. Ne4 Nf6 22. Nc5 Bxh3 23. Nxb7 Rxd1 24. Qxd1 Bc8 25. f3 Bxb7 26. Re7 Ng4 27. Qd4+ Kg8 28. fxg4 Qxe7 29. Qxf4 c5 30. Bc4 Qe1+ 31. Kh2 Qe4 32. Qf1 Qxg4 33. Qf2 Qxc4 0-1

[Event "GER-chT Seniors 16th"]
[Site "Halle"]
[Date "2007.09.17"]
[Round "5.2"]
[White "Tuertmann, Dieter"]
[Black "Lainburg, Victor"]
[Result "1/2-1/2"]
[WhiteElo "1965"]
[BlackElo "2163"]
[PlyCount "65"]
[EventDate "2007.09.13"]
[EventType "team"]
[EventRounds "7"]
[EventCountry "GER"]
[SourceTitle "EXT 2008"]
[Source "ChessBase"]
[SourceDate "2007.11.25"]
[SourceVersion "1"]
[SourceVersionDate "2007.11.25"]
[SourceQuality "1"]

1. d4 g6 2. g3 d5 3. Bg2 Bg7 4. c3 Nf6 5. Nf3 0-0 6. Ne5 Nbd7 7. Nd3 Ne4 8. 0-0 Ndf6 9. Nd2 Bf5 10. Nf3 Qc8 11. Nfe5 Nd6 12. Re1 c6 13. f3 Nd7 14. e4 dxe4 15. Nxd7 Bxd7 16. fxe4 Bg4 17. Qc2 Bh3 18. Nf4 Bxg2 19. Nxg2 e5 20. Be3 Qg4 21. Bf2 Rfe8 22. d5 cxd5 23. exd5 b6 24. a4 Qc4 25. Rad1 f5 26. b3 Qc7 27. c4 Ne4 28. Be3 Bf8 29. Kh1 Rad8 30. Rf1 Bb4 31. Rd3 Rd7 32. Qc1 Qd6 33. Ne1 1/2-1/2

[Event "GER-ch Seniors Gp-A 19th"]
[Site "Templin"]
[Date "2007.08.27"]
[Round "5"]
[White "Lainburg, Victor"]
[Black "Tochtrop, Lothar"]
[Result "0-1"]
[WhiteElo "1987"]
[BlackElo "1872"]
[PlyCount "88"]
[EventDate "2007.08.23"]
[EventType "swiss"]
[EventRounds "9"]
[EventCountry "GER"]
[SourceTitle "EXT 2022"]
[Source "ChessBase"]
[SourceDate "2021.10.06"]
[SourceVersion "1"]
[SourceVersionDate "2021.10.06"]
[SourceQuality "1"]

1. Nf3 d5 2. b3 Bf5 3. Bb2 Nf6 4. g3 e6 5. d3 Nbd7 6. Bg2 Be7 7. Nbd2 0-0 8. 0-0 h6 9. Re1 c6 10. e4 dxe4 11. dxe4 Bh7 12. a3 a5 13. Qe2 Bc5 14. h3 Qc7 15. e5 Nd5 16. c4 Ne7 17. Ne4 Bxe4 18. Qxe4 Qb6 19. Qc2 Rfd8 20. Re2 Nf8 21. Kh2 Rd7 22. Rf1 Rad8 23. Nd2 Nf5 24. Be4 Bxa3 25. Bxf5 Bxb2 26. Bxe6 Nxe6 27. Qxb2 Rd3 28. Qc2 Qb4 29. Ne4 Qxb3 30. Qc1 Rd1 31. Rxd1 Rxd1 32. Qe3 Qb1 33. Rd2 Rh1+ 34. Kg2 Rg1+ 35. Kf3 Re1 36. Qd3 Qxd3+ 37. Rxd3 Rxe4 38. Kxe4 Nc5+ 39. Kd4 Nxd3 40. Kxd3 b5 41. cxb5 cxb5 42. f4 Kf8 43. f5 Ke7 44. g4 g5 0-1

[Event "GER-ch Seniors Gp-A 19th"]
[Site "Templin"]
[Date "2007.08.25"]
[Round "3"]
[White "Neumeister, Herbert D"]
[Black "Lainburg, Victor"]
[Result "1-0"]
[WhiteElo "1856"]
[BlackElo "1987"]
[PlyCount "103"]
[EventDate "2007.08.23"]
[EventType "swiss"]
[EventRounds "9"]
[EventCountry "GER"]
[SourceTitle "EXT 2022"]
[Source "ChessBase"]
[SourceDate "2021.10.06"]
[SourceVersion "1"]
[SourceVersionDate "2021.10.06"]
[SourceQuality "1"]

1. d4 d5 2. Nf3 Nc6 3. Nbd2 Bg4 4. h3 Bf5 5. c3 e6 6. g3 Bd6 7. Bg2 h6 8. 0-0 Nf6 9. Re1 0-0 10. Nh4 Ne4 11. Nxf5 exf5 12. Nxe4 dxe4 13. h4 f4 14. Bxf4 Bxf4 15. gxf4 Qxh4 16. Bxe4 Qxf4 17. Qd3 Rfe8 18. Bg2 Rad8 19. Qf3 Qd2 20. b4 Rd6 21. e4 Rf6 22. Qe3 Qb2 23. a4 Ne7 24. Reb1 Qc2 25. Rc1 Qb3 26. Rcb1 Qc4 27. Bf1 Qe6 28. Bd3 Qg4+ 29. Qg3 Qxg3+ 30. fxg3 Rf3 31. Rd1 Rxg3+ 32. Kf2 Rg5 33. Kf3 Ng6 34. Rg1 Rxg1 35. Rxg1 Nf8 36. e5 Ne6 37. Bc4 Ng5+ 38. Ke3 g6 39. a5 Kg7 40. Rf1 Re7 41. b5 h5 42. Rg1 Kh6 43. Rg3 f6 44. Kf4 Ne6+ 45. Bxe6 Rxe6 46. c4 Re7 47. c5 fxe5+ 48. dxe5 Rf7+ 49. Ke4 h4 50. Rf3 Rxf3 51. Kxf3 g5 52. b6 1-0